000 00801nam a2200229 a 4500
001 38945
003 BD-RjUL
005 20211209052905.0
008 160324s2013 bg ||||e |||| 000 p ben d
020 _c: Tk 250.00
035 _a(BD-RjUL)39055
040 _aBD-RjUL
_bben
_cBD-RjUL
041 _aben
082 _223
_a891.441
_bTAK 2013
100 1 0 _aতালুকদার, নয়ন
_9120250
245 1 0 _aকালের ত্রয়ী পদাবলি /
_cনয়ন তালুকদার.
260 _aঝিনাইদহ (বাংলাদেশ) :
_bলোক থিয়েটার,
_c২০১৩.
300 _a১৪৮ পৃ. ;
_c২২ সেমি.
650 _aবাংলা কবিতা
_9120251
650 _aBengali Poetry
_9120252
942 _2ddc
_cBK
999 _c38945
_d38945